header

Steadfast movement around Micronesia (Record no. 81749)

MARC details
000 -LEADER
fixed length control field 01285nam a2200313Ia 4500
082 04 - DEWEY DECIMAL CLASSIFICATION NUMBER
Classification number 304.809966
100 1# - MAIN ENTRY--AUTHOR NAME
Personal name Bautista, Lola Quan,
245 10 - TITLE STATEMENT
Title Steadfast movement around Micronesia
260 ## - PUBLICATION, DISTRIBUTION, ETC. (IMPRINT)
Place of publication Lanham :
Name of publisher Lexington Books,
Year of publication c2010.
300 ## - PHYSICAL DESCRIPTION
Number of Pages xv, 177 p.
650 #0 - SUBJECT ADDED ENTRY--TOPICAL TERM
Topical Term Migration, Internal
Topical Term Internal migrants.
856 40 - ELECTRONIC LOCATION AND ACCESS
Uniform Resource Identifier http://site.ebrary.com/lib/rucke/Doc?id=10404816

No items available.

© 2026 Rongo University
Contact us: librarian | system librarian | Rongo university